| 000 | 00728nam a2200193Ia 4500 | ||
|---|---|---|---|
| 008 | 190511s9999 xx 000 0 und d | ||
| 100 | _aAslinger, Elizabeth N. | ||
| 245 | _aNarcissist or narcissistic? Evaluation of the latent structure of narcissistic personality disorder / | ||
| 245 | _cElizabeth N. Aslinger, Stephen B. Manuck, Paul A. Pilkonis,Leonard J. Simms.-- | ||
| 260 | _bAmerican Psychological Association | ||
| 260 | _c2018 | ||
| 300 | _aPages 496-502, July 2018 | ||
| 440 |
_aJournal of Abnormal Psychology _v127(5) |
||
| 650 | _aConfirmatory factor | ||
| 650 | _aLatent variable models | ||
| 650 | _aNarcissism | ||
| 650 | _aNarcissistic personality disorder | ||
| 856 | _uwww.apa.org/pubs/journals/abn | ||
| 999 |
_c361845 _d361845 |
||